Sociálne služby v súčasnom kontexte Slovenskej republiky
Pojem sociálne služby. Sociálna núdza a formy jej riešenia. Rast významu sociálnych služieb v súčasnom demografickom vývoji. Starnutie obyvateľstva. Druhy služieb podľa zákona o sociálnej pomoci. Poskytovanie starostlivosti v zariadeniach sociálnych služieb. Decentralizácia poskytovania sociálnych s...
Gespeichert in:
| 1. Verfasser: | |
|---|---|
| Format: | Buchkapitel |
| Sprache: | Slowakisch |
| Schlagworte: | |
| Tags: |
Keine Tags, Fügen Sie das erste Tag hinzu!
|
MARC
| LEADER | 00000nla$a2200000$$$4500 | ||
|---|---|---|---|
| 001 | 0101692 | ||
| 005 | 20240502072117.0 | ||
| 041 | 0 | |a slo | |
| 044 | |a SK | ||
| 245 | 1 | 0 | |a Sociálne služby v súčasnom kontexte Slovenskej republiky |c Michal Kraus |
| 520 | |a Pojem sociálne služby. Sociálna núdza a formy jej riešenia. Rast významu sociálnych služieb v súčasnom demografickom vývoji. Starnutie obyvateľstva. Druhy služieb podľa zákona o sociálnej pomoci. Poskytovanie starostlivosti v zariadeniach sociálnych služieb. Decentralizácia poskytovania sociálnych služieb na Slovensku. Transformácia zariadení sociálnych služieb. | ||
| 610 | 2 | 0 | |a služby sociálne |
| 610 | 2 | 0 | |a služby starostlivosti sociálnej |
| 610 | 2 | 0 | |a politika sociálna |
| 610 | 2 | 0 | |a demografia |
| 610 | 2 | 0 | |a obyvateľstvo |
| 610 | 2 | 0 | |a legislatíva |
| 610 | 2 | 0 | |a decentralizácia |
| 610 | 2 | 0 | |a transformácia |
| 610 | 2 | 0 | |a Slovensko |
| 100 | 1 | |a Kraus, Michal | |